000 00922nam a22002177a 4500
005 20240530110545.0
008 160117s2013 ua a g b 000 0 ara d
017 _a2010/14634
_bمصر . دار الكتب المصرية
020 _a9777880545
040 _aEG-CaGPL
082 0 4 _221
_a371.207\
_bن ج
100 0 _aنجوى حسين المسيرى .
245 1 2 _aالجديد فى ادارة التعليم :
_bالادارة الذاتية للمدرسة بين النظرية و التطبيق /
_cاعداد نجوى حسين المسيرى ؛ تقديم نادية جمال الدين .
250 _aط1.
260 _aالاسكندرية :
_bالمكتب الجامعى الحديث ،
_c2013 .
300 _a561 ص ؛
_c24 سم .
504 _aيشتمل على ارجاعات ببليوجرافية
650 0 4 _aالتعليم .
942 _2ddc
_cBK
999 _c62333
_d62333